| 000 | 00380nam a2200181Ia 4500 | ||
|---|---|---|---|
| 100 | _aHorowitz/Ellis/ Sahni S | ||
| 650 | _aAlgorithms | ||
| 250 | _a2 | ||
| 942 | _cBK | ||
| 366 | _f17.5 | ||
| 654 | _aalgorithms | ||
| 245 | _aComputer Algorithms/C++ | ||
| 260 |
_bUniversity Press _c2008 |
||
| 082 |
_a005.1/HOR _bHOR |
||
| 300 | _a774 | ||
| 546 | _aENGLISH | ||
| 999 |
_c19955 _d19955 |
||